Computer architecture / (Record no. 10771)
[ view plain ]
| 000 -LEADER | |
|---|---|
| fixed length control field | 00848cac a22002411u 4500 |
| 008 - FIXED-LENGTH DATA ELEMENTS--GENERAL INFORMATION | |
| fixed length control field | 081116t2007 xxu||||| |||| 00| 0 eng d |
| 010 ## - LIBRARY OF CONGRESS CONTROL NUMBER | |
| LC control number | 2006024358 |
| 020 ## - INTERNATIONAL STANDARD BOOK NUMBER | |
| International Standard Book Number | 8189757075 |
| 020 ## - INTERNATIONAL STANDARD BOOK NUMBER | |
| International Standard Book Number | 9788189757076 |
| 082 00 - DEWEY DECIMAL CLASSIFICATION NUMBER | |
| Classification number | 004.22 |
| Item number | SHE |
| 100 ## - MAIN ENTRY--PERSONAL NAME | |
| Personal name | Sherawat, D.S. |
| 9 (RLIN) | 2065 |
| 245 10 - TITLE STATEMENT | |
| Title | Computer architecture / |
| Statement of responsibility, etc | D.S. Sherawat, Sanjay Sharma. |
| 260 ## - PUBLICATION, DISTRIBUTION, ETC. (IMPRINT) | |
| Place of publication, distribution, etc | Delhi: |
| Name of publisher, distributor, etc | S.K. kataria & sons, |
| Date of publication, distribution, etc | C.2006. |
| 300 ## - PHYSICAL DESCRIPTION | |
| Extent | 258 p: |
| Other physical details | ill. ; |
| Dimensions | 24 cm. |
| 500 ## - GENERAL NOTE | |
| General note | Distributer: Al-Ahram. |
| 504 ## - BIBLIOGRAPHY, ETC. NOTE | |
| Bibliography, etc | Includes bibliographical references and index. |
| 650 #0 - SUBJECT ADDED ENTRY--TOPICAL TERM | |
| Topical term or geographic name as entry element | Computer architecture. |
| 9 (RLIN) | 33233 |
| 700 1# - ADDED ENTRY--PERSONAL NAME | |
| Personal name | Patterson, David A. |
| 9 (RLIN) | 33234 |
| 700 1# - ADDED ENTRY--PERSONAL NAME | |
| Personal name | Arpaci-Dusseau, Andrea C. |
| 9 (RLIN) | 3705 |
| 856 41 - ELECTRONIC LOCATION AND ACCESS | |
| Uniform Resource Identifier | <a href="http://www.loc.gov/catdir/toc/ecip0618/2006024358.html">http://www.loc.gov/catdir/toc/ecip0618/2006024358.html</a> |
| 856 41 - ELECTRONIC LOCATION AND ACCESS | |
| Uniform Resource Identifier | <a href="http://www.loc.gov/catdir/enhancements/fy0665/2006024358-d.html">http://www.loc.gov/catdir/enhancements/fy0665/2006024358-d.html</a> |
| 942 ## - ADDED ENTRY ELEMENTS (KOHA) | |
| Item type | Book - Borrowing |
| Call number prefix | 004.22SHE |
| Source of classification or shelving scheme | Dewey Decimal Classification |
| Withdrawn status | Item status | Source of classification or shelving scheme | Damaged status | Not for loan | Vendor | Home library | Current library | Shelving location | Date acquired | Source of acquisition | Cost, normal purchase price | Serial Enumeration / chronology | Total Checkouts | Full call number | Barcode | Date last seen | Date last borrowed | Koha item type |
|---|---|---|---|---|---|---|---|---|---|---|---|---|---|---|---|---|---|---|
| Dewey Decimal Classification | Alahram | Central Library | Central Library | Lower Floor | 09/02/2009 | 50.00 | 06465 | 1 | 004.22 SHE | 000014728 | 15/07/2025 | 18/08/2009 | Book - Borrowing |